Central Library OPAC University of Rajshahi

The Snake River country / (Record no. 77734)

MARC details
000 -LEADER
fixed length control field 00986cam a2200313 i 4500
001 - CONTROL NUMBER
control field 77734
003 - CONTROL NUMBER IDENTIFIER
rucl marc code BD-RjUL
005 - DATE AND TIME OF LATEST TRANSACTION
control field 20211209083021.0
008 - FIXED-LENGTH DATA ELEMENTS--GENERAL INFORMATION
fixed length control field 741121s1974 nyua b 001 0 eng
035 ## - SYSTEM CONTROL NUMBER
System control number (BD-RjUL)77960
040 ## - CATALOGING SOURCE
Original cataloging agency DLC
Transcribing agency DLC
Modifying agency DLC
Language of cataloging eng
041 ## - LANGUAGE CODE
Language code of text/sound track or separate title eng
043 ## - GEOGRAPHIC AREA CODE
Geographic area code n-us-id
-- n-us-or
-- n-us-wa
082 00 - DEWEY DECIMAL CLASSIFICATION NUMBER
Classification number 500.97961
Edition number 21
Author mark and year MOS 1974
100 1# - MAIN ENTRY--PERSONAL NAME
Personal name Moser, Don.
9 (RLIN) 243210
245 14 - TITLE STATEMENT
Title The Snake River country /
Statement of responsibility, etc. by Don Moser and the editors of Time-Life Books.
260 ## - PUBLICATION, DISTRIBUTION, ETC. (IMPRINT)
Place of publication, distribution, etc. New York :
Name of publisher, distributor, etc. Time-Life Books,
Date of publication, distribution, etc. [1974]
300 ## - PHYSICAL DESCRIPTION
Pagination 184 p. :
Illustrations ill. (some col.) ;
Size 27 cm.
490 0# - SERIES STATEMENT
Series statement The American wilderness
500 ## - GENERAL NOTE
General note Includes index.
504 ## - BIBLIOGRAPHY, ETC. NOTE
Bibliography, etc Bibliography: p. 180.
650 #0 - SUBJECT ADDED ENTRY--TOPICAL TERM
Topical term or geographic name as entry element Natural history
Geographic subdivision Snake River (Wyo.-Wash.)
9 (RLIN) 243211
651 #0 - SUBJECT ADDED ENTRY--GEOGRAPHIC NAME
Geographic name Snake River (Wyo.-Wash.)
9 (RLIN) 243212
710 2# - ADDED ENTRY--CORPORATE NAME
Corporate name or jurisdiction name as entry element Time-Life Books.
9 (RLIN) 243213
906 ## - LOCAL DATA ELEMENT F, LDF (RLIN)
a 7
b cbc
c orignew
d 2
e opcn
f 19
g y-gencatlg
942 ## - ADDED ENTRY ELEMENTS (KOHA)
Source of classification or shelving scheme Dewey Decimal Classification
Koha item type Books
Holdings
Lost status Source of classification or shelving scheme Damaged status Not for loan Collection code Permanent Location Current Location Shelving location Date acquired Source of acquisition Total Checkouts Full call number Date last seen Copy number Koha item type
  Dewey Decimal Classification   Not For Loan Non-fiction Central Library, University of Rajshahi Central Library, University of Rajshahi Reading Room 03/03/2020 The American Centre Library   500.97961 MOS 1974 04/01/2021 C-1 Books